Musées royaux des Beaux-Arts de Belgique (Record no. 170966)

MARC details
000 -LEADER
campo de control de longitud fija 00879nam a2200229 i 4500
001 - NÚMERO DE CONTROL
campo de control 170966
003 - IDENTIFICADOR DE NÚMERO DE CONTROL
campo de control ES-MaACL
005 - FECHA Y HORA DE LA ÚLTIMA TRANSACCIÓN
campo de control 20230906214516.0
008 - DATOS DE LONGITUD FIJA--INFORMACIÓN GENERAL
campo de control de longitud fija 090420s1986 be |||| | fre d
080 ## - NÚMERO DE LA CLASIFICACIÓN DECIMAL UNIVERSAL
Número de la Clasificación Decimal Universal 7.033:069(493.4)
245 00 - MENCIÓN DEL TÍTULO
Título Musées royaux des Beaux-Arts de Belgique
Resto del título : Musée d'art ancien.
246 11 - FORMA VARIANTE DEL TITULO
Título propio/Titulo breve Koninklijke Musea voor schone kunsten van België
Resto del título : Museum voor oude kunst
250 ## - MENCION DE EDICION
Mención de edición 10th ed.
260 ## - PUBLICACIÓN, DISTRIBUCIÓN, ETC.
Lugar de publicación, distribución, etc. [Bruxelles] :
Nombre del editor, distribuidor, etc. Royal Museums of Fine Arts,
Fecha de publicación, distribución, etc. 1986.
300 ## - DESCRIPCIÓN FÍSICA
Extensión [218] p. :
Otras características físicas il. col. y n. ;
Dimensiones 19 cm.
500 ## - NOTA GENERAL
Nota general Índice.
500 ## - NOTA GENERAL
Nota general En lomo: I.
594 ## - Nota al título y mención de responsabilidad
Nota al título y mención de responsabilidad Tít. del lomo: Musea van Belgie : Brussel = Musées de Belgique : Bruxelles.
610 24 - PUNTO DE ACCESO ADICIONAL DE MATERIA--NOMBRE DE ENTIDAD CORPORATIVA
Nombre de entidad corporativa o nombre de jurisdicción como elemento de entrada Musée d'art ancien (Bélgica)
9 (RLIN) 139852
710 0# - ENTRADA AGREGADA--NOMBRE DE ENTIDAD CORPORATIVA
Nombre de entidad corporativa o nombre de jurisdicción como elemento de entrada Musées royaux des beaux-arts de Belgique.
9 (RLIN) 5819
852 4# - LOCALIZACIÓN
Ubicación ES-MaACL
Número de control de estantería E-12584
Nota libre . - Biblioteca Jacinto Martínez Lacalle
Holdings
Estatus retirado Estado de pérdida Estado de daño No para préstamo Biblioteca de origen Biblioteca actual Ubicación en estantería Fecha de adquisición Fuente de adquisición Total de préstamos Signatura topográfica completa Código de barras Visto por última vez Precio de reemplazo Tipo de ítem Koha
        Biblioteca del Ateneo de Madrid Biblioteca del Ateneo de Madrid Depósito 2 20/04/2009     E-12584 1179430 23/02/2023 23/02/2023 Libro impreso